|
|
|
|
| LEADER |
00777nam a2200229 a 4500 |
| 001 |
000556884 |
| 003 |
CZ BrMZK |
| 005 |
20110316151307.0 |
| 007 |
ta |
| 008 |
000105s1987 xo f slo d |
| 040 |
|
|
|a BOA001
|b cze
|
| 080 |
|
|
|a 840-96=850
|2 MRF
|
| 100 |
1 |
|
|a La Bruyère, Jean de,
|d 1645-1696
|7 jn19990004794
|
| 245 |
1 |
0 |
|a Charaktery alebo Mravy tohto storočia /
|c Jean de la Bruyére ; Z franc. orig. prel., pozn. vybral a dosl. naps. Michal Bartko
|
| 250 |
|
|
|a 1. vyd.
|
| 260 |
|
|
|a Bratislava :
|b Slov. spisov.,
|c 1987
|
| 300 |
|
|
|a 280 s., front.
|
| 490 |
1 |
|
|a Rozpravy
|
| 830 |
|
0 |
|a Rozpravy (Slovenský spisovateľ)
|
| 910 |
|
|
|a BOA001
|b 1-0928.642
|
| 990 |
|
|
|a BK
|
| 996 |
7 |
|
|b 2619729628
|c 1-0928.642
|l MZK
|r Sklad / do 1 hodiny
|n 15
|w 000556884
|u 000010
|a 1
|e BOA001
|j MZK50
|s A
|